000 00263nam a2200097 a 4500
005 20200930070844.0
008 110927s2004 000 spa d
245 0 _aMapa escolar de la República Dominicana.
260 _aCiudad Trujillo,
_c[19--?].
999 _c33683
_d33683
040 _aDO-SdBNP